Biggest Cities in Goa - Statistics

General Stats
  • This quiz has been taken 27 times
  • The average score is 3 of 10
Answer Stats
Population City % Correct
114,759 Panaji
95%
106,484 Madgaon
55%
22,664 Ponda
35%
16,623 Cuncolim
20%
39,989 Mapuca
20%
101,326 Mormugao
20%
16,926 Bicholim
5%
22,730 Curchorem Cacora
5%
16,385 Curti
5%
21,923 Sancoale
5%
No matching quizzes found
Score Distribution
Percent of People with Each Score
Percentile by Number Answered
Your Score History
You have not taken this quiz